El Dr. Dn. Martín Genís y Aguilar, 1847-1932 : leído en el acto solemne de la colocación de su retrato en la Galería de Vicenses Ilustres, el día 4 de julio de 1948 / esbozo biogràfico por Miguel S. Salarich Torrents leído en el acto solemne de la colocación de su retrato en la Galería de Vicenses Ilustres, el día 4 de julio de 1948 / esbozo biogràfico por Miguel S. Salarich Torrents
MARC
| LEADER | 00000nam a2200000Ia 4500 | ||
|---|---|---|---|
| 001 | 16238 | ||
| 008 | 160829s1948?] xx 000 0 cat d | ||
| 080 | |a FU-43-5 | ||
| 100 | |a Salarich Torrents, Miguel S. |9 43343 | ||
| 245 | |a El Dr. Dn. Martín Genís y Aguilar, 1847-1932 : |b leído en el acto solemne de la colocación de su retrato en la Galería de Vicenses Ilustres, el día 4 de julio de 1948 / esbozo biogràfico por Miguel S. Salarich Torrents | ||
| 260 | |a [Vich : |b Imp. Portavella, |c 1948?] | ||
| 300 | |a 30 p. ; |c 22 cm | ||
| 490 | |a Galería de vicenses ilustres | ||
| 590 | |a Bibliografia. | ||
| 590 | |a Conté un retrat de Martí Genís i Aguilar. | ||
| 590 | |a Prové de Q-230, exp. 90 | ||
| 650 | |a Genís i Aguilar, Martí |x Biografia |9 43344 | ||
| 650 | |a Escriptors catalans |x S. XIX |x Biografia |9 43345 | ||
| 856 | 4 | |u https://media.diba.cat/diba/fitxers/arxiu/fulletons/bib_16238_baixa.pdf |y Accés lliure | |
| 856 | 4 | |u https://media.diba.cat/diba/fitxers/arxiu/fulletons/bib_16238_baixa.pdf |y Accés lliure | |
| 901 | |a Arxiu | ||
| 942 | |n 1 |2 udc | ||
| 952 | |0 0 |1 0 |4 0 |6 FU435 |7 1 |9 51348 |a Arxiu |b Arxiu |d 2016-12-01 |l 0 |o FU-43-5 |p 16238 |r 2016-12-01 00:00:00 |w 2016-12-01 |y ARXIU | ||
| 999 | |c 55192 |d 55192 | ||
| 900 | |a bib_16238_baixa.pdf | ||